书目信息 |
| 题名: |
探戈舞
|
|
| 作者: | 赵斯文 , 杨柳 主编 | |
| 分册: | ||
| 出版信息: | 长春 吉林出版集团股份有限公司 2020.04 |
|
| 页数: | 121页 | |
| 开本: | 23cm | |
| 丛书名: | 全民健身计划系列丛书 | |
| 单 册: | ||
| 中图分类: | J732.81 | |
| 科图分类: | ||
| 主题词: | 探戈舞--tan ge wu--基本知识 | |
| 电子资源: | ||
| ISBN: | 978-7-5581-9520-4 | |
| 000 | 01055nam 2200289 450 | |
| 001 | CAL 0120217296031 | |
| 005 | 20230217093112.0 | |
| 010 | @a978-7-5581-9520-4@dCNY36.00 | |
| 100 | @a20211213d2020 em y0chiy0120 ea | |
| 101 | 0 | @achi |
| 102 | @aCN@b220000 | |
| 105 | @aa z 000yy | |
| 106 | @ar | |
| 200 | 1 | @a探戈舞@Atan ge wu@f赵斯文, 杨柳主编 |
| 210 | @a长春@c吉林出版集团股份有限公司@d2020.04 | |
| 215 | @a121页@c彩图@d23cm | |
| 225 | 2 | @a全民健身计划系列丛书@Aquan min jian shen ji hua xi lie cong shu |
| 312 | @a英文题名取自封面 | |
| 330 | @a本书介绍了探戈舞的起源与发展、场地和服装、自我身体评价、运动保护、基本技术、比赛规则等, 通过图解、示范和教授探戈舞的每个动作规范、基本技术要领, 可使学员轻松掌握探戈舞的基本知识和技巧, 达到强身健体的目的。 | |
| 410 | 0 | @12001 @a全民健身计划系列丛书 |
| 510 | 1 | @aTango@zeng |
| 606 | 0 | @a探戈舞@Atan ge wu@x基本知识 |
| 690 | @aJ732.81@v5 | |
| 701 | 0 | @a赵斯文@Azhao si wen@4主编 |
| 701 | 0 | @a杨柳@Ayang liu@4主编 |
| 801 | 0 | @aCN@bBJXHZP@c20230228 |
| 905 | @b1397578-81@dJ732.81@e341@f4 | |
| 探戈舞/赵斯文, 杨柳主编.-长春:吉林出版集团股份有限公司,2020.04 |
| 121页:彩图;23cm.-(全民健身计划系列丛书) |
| ISBN 978-7-5581-9520-4:CNY36.00 |
| 本书介绍了探戈舞的起源与发展、场地和服装、自我身体评价、运动保护、基本技术、比赛规则等, 通过图解、示范和教授探戈舞的每个动作规范、基本技术要领, 可使学员轻松掌握探戈舞的基本知识和技巧, 达到强身健体的目的。 |
| ● |
| 相关链接 |
|
|
|
|
正题名:探戈舞
索取号:J732.81/341
 
预约/预借
| 序号 | 登录号 | 条形码 | 馆藏地/架位号 | 状态 | 备注 |
| 1 | 1397578 | 213975787 | 第一样本阅览室/ [索取号:J732.81/341] | 在馆 | |
| 2 | 1397579 | 213975796 | 第一借阅区/ [索取号:J732.81/341] | 在馆 | |
| 3 | 1397580 | 213975803 | 第一借阅区/ [索取号:J732.81/341] | 在馆 | |
| 4 | 1397581 | 213975812 | 第一借阅区/ [索取号:J732.81/341] | 在馆 |